[Event "TCh-CHN DivA Regular"]
[Site "Fuling CHN"]
[Date "2023.06.07"]
[Round "3.1"]
[Board "5"]
[White "Ren, Xiaoyi"]
[Black "Zhang, Lanlin"]
[Result "1/2-1/2"]
[WhiteTitle "WIM"]
[WhiteElo "2079"]
[BlackElo "2156"]
[WhiteTeam "Chengdu"]
[BlackTeam "Chongqing Jiulongpo"]
[WhiteFideId "8608709"]
[BlackFideId "8608032"]
[EventDate "2023.06.05"]
[EventType "team"]

1. d4 Nf6 2. g3 d5 3. Bg2 c5 4. Nf3 cxd4 5. O-O e6 6. Nxd4 e5 7. Nb3 Be6 8. Nc3
Be7 9. f4 exf4 10. gxf4 g6 11. Be3 Nc6 12. Qd2 O-O 13. Nd4 Na5 14. Qd3 Nc4 15.
Nxe6 fxe6 16. Bd4 Nxb2 17. Qh3 Qc8 18. Kh1 Bc5 19. Nxd5 exd5 20. Bxb2 Qxh3 21.
Bxh3 Rae8 22. Be5 Ne4 23. Bg2 Nf2+ 24. Rxf2 Rxe5 25. fxe5 Rxf2 26. Rf1 Rxf1+ 27.
Bxf1 Kf7 28. Bh3 Bd4 29. Bc8 Bxe5 30. Bxb7 Ke6 31. Kg2 d4 32. h3 Bf4 33. Kf3 Ke5
34. Be4 1/2-1/2

[Event "TCh-CHN DivA Regular"]
[Site "Fuling CHN"]
[Date "2023.06.07"]
[Round "3.2"]
[Board "1"]
[White "Bu, Xiangzhi"]
[Black "Zhao, Jun"]
[Result "1-0"]
[WhiteTitle "GM"]
[BlackTitle "GM"]
[WhiteElo "2694"]
[BlackElo "2584"]
[WhiteTeam "Chongqing Sports Lottery"]
[BlackTeam "Shandong"]
[WhiteFideId "8601445"]
[BlackFideId "8602522"]
[EventDate "2023.06.05"]
[EventType "team"]

1. c4 Nf6 2. Nf3 e6 3. g3 d5 4. Bg2 d4 5. d3 c5 6. e4 Nc6 7. e5 Nd7 8. Qe2 Be7
9. h4 h6 10. Bf4 a6 11. Nbd2 b5 12. h5 Bb7 13. O-O Qb6 14. a3 b4 15. b3 g5 16.
hxg6 fxg6 17. g4 g5 18. Bg3 bxa3 19. Ne4 O-O 20. Rxa3 Rf7 21. Nd6 Bxd6 22. exd6
e5 23. Qe4 Ne7 24. Qxb7 Qxb7 25. Nxe5 Qb4 26. Nxd7 Ng6 27. Bxa8 Rxd7 28. Rxa6
Nf4 29. Bxf4 gxf4 30. Bc6 Rxd6 31. Bd5+ Rxd5 32. cxd5 Qxb3 33. Ra7 Qxd5 34. Rb1
Qd8 35. Rbb7 Qe8 36. Re7 Qf8 37. f3 c4 38. dxc4 d3 39. Kf1 d2 40. Rg7+ 1-0

[Event "TCh-CHN DivA Regular"]
[Site "Fuling CHN"]
[Date "2023.06.07"]
[Round "3.2"]
[Board "2"]
[White "Liu, Qingnan"]
[Black "Wang, Chen"]
[Result "1-0"]
[WhiteTitle "GM"]
[BlackTitle "IM"]
[WhiteElo "2532"]
[BlackElo "2481"]
[WhiteTeam "Shandong"]
[BlackTeam "Chongqing Sports Lottery"]
[WhiteFideId "8603294"]
[BlackFideId "8601020"]
[EventDate "2023.06.05"]
[EventType "team"]

1. e4 c5 2. Nf3 Nc6 3. d4 cxd4 4. Nxd4 e6 5. Nc3 Qc7 6. Be3 Nf6 7. f4 d6 8. Qf3
a6 9. O-O-O Bd7 10. Nb3 h5 11. Be2 Rc8 12. Kb1 b5 13. Bd3 Nb4 14. h3 Bc6 15. Qf2
Be7 16. a3 Nxd3 17. cxd3 b4 18. axb4 Qb8 19. Nd4 Qxb4 20. Rc1 Qb7 21. f5 Bd7 22.
Nde2 h4 23. Rhg1 exf5 24. exf5 Rh5 25. g4 hxg3 26. Nxg3 Rh7 27. Bd4 Kf8 28. Nge4
Nxe4 29. dxe4 Bc6 30. Rg4 Bf6 31. Bxf6 gxf6 32. Qd4 Ke7 33. Re1 Rh6 34. Nd5+
Bxd5 35. exd5+ 1-0

[Event "TCh-CHN DivA Regular"]
[Site "Fuling CHN"]
[Date "2023.06.07"]
[Round "3.2"]
[Board "3"]
[White "Zeng, Chongsheng"]
[Black "Huang, Renjie"]
[Result "0-1"]
[WhiteTitle "GM"]
[WhiteElo "2581"]
[BlackElo "2406"]
[WhiteTeam "Chongqing Sports Lottery"]
[BlackTeam "Shandong"]
[WhiteFideId "8603847"]
[BlackFideId "8610134"]
[EventDate "2023.06.05"]
[EventType "team"]

1. e4 e5 2. Nf3 Nc6 3. d4 exd4 4. Nxd4 Nf6 5. Nxc6 bxc6 6. e5 Qe7 7. Qe2 Nd5 8.
c4 Nb6 9. Nc3 a5 10. Qe4 Ba6 11. Bd2 Qe6 12. b3 g6 13. Bd3 Bg7 14. O-O O-O 15.
Rae1 Rfe8 16. Qh4 d5 17. f4 dxc4 18. Ne4 cxd3 19. Ng5 Qf5 20. g4 Qd7 21. Qxh7+
Kf8 22. f5 Qd4+ 23. Kh1 Qd5+ 24. Re4 Rxe5 25. f6 Rxe4 26. fxg7+ Ke7 27. Rxf7+
Kd6 28. Rf3 Re7 29. Qxg6+ Kd7 30. Kg2 Rg8 31. Nh7 Re2+ 32. Kg3 Qd6+ 33. Qxd6+
Kxd6 34. Bf4+ Kc5 35. Nf6 Rxg7 36. h4 Nd5 0-1

[Event "TCh-CHN DivA Regular"]
[Site "Fuling CHN"]
[Date "2023.06.07"]
[Round "3.2"]
[Board "4"]
[White "Zhang, Xiao"]
[Black "Wang, Chuqiao"]
[Result "1/2-1/2"]
[WhiteElo "2147"]
[BlackElo "2061"]
[WhiteTeam "Shandong"]
[BlackTeam "Chongqing Sports Lottery"]
[WhiteFideId "8610894"]
[BlackFideId "8631638"]
[EventDate "2023.06.05"]
[EventType "team"]

1. d4 Nf6 2. c4 e6 3. Nf3 d5 4. Nc3 c6 5. e3 Nbd7 6. Qc2 Bd6 7. Be2 O-O 8. O-O
Qe7 9. Rd1 dxc4 10. Bxc4 e5 11. h3 exd4 12. exd4 Nb6 13. Bd3 h6 14. Bd2 Qc7 15.
Qc1 Nfd5 16. Re1 Nf4 17. Bb1 Nc4 18. Qc2 g6 19. Bc1 Bf5 20. Ne4 Nb6 21. h4 Bb4
22. Rd1 Nbd5 23. g3 Nh5 24. a3 Rfe8 25. Ne5 Bd6 26. g4 Bxe4 27. Qxe4 Bxe5 28.
dxe5 Rxe5 29. Qf3 Nhf4 30. Be4 g5 31. Bd2 Rae8 32. Re1 Ng6 33. hxg5 hxg5 34.
Bxd5 Rxe1+ 35. Rxe1 Rxe1+ 36. Bxe1 cxd5 37. Qxd5 Qf4 38. f3 Qe3+ 39. Kf1 Ne5 40.
Bf2 Qc1+ 41. Kg2 Ng6 42. Qd8+ Kh7 43. Qf6 Kg8 44. Qd8+ 1/2-1/2

[Event "TCh-CHN DivA Regular"]
[Site "Fuling CHN"]
[Date "2023.06.07"]
[Round "3.2"]
[Board "5"]
[White "Huang, Qian"]
[Black "Du, Yuxin"]
[Result "1-0"]
[WhiteTitle "WGM"]
[WhiteElo "2431"]
[BlackElo "1929"]
[WhiteTeam "Chongqing Sports Lottery"]
[BlackTeam "Shandong"]
[WhiteFideId "8602689"]
[BlackFideId "8610282"]
[EventDate "2023.06.05"]
[EventType "team"]

1. Nf3 Nf6 2. g3 e6 3. Bg2 Be7 4. O-O O-O 5. d3 d5 6. Nbd2 Nc6 7. e4 dxe4 8.
dxe4 e5 9. Qe2 Bc5 10. c3 a5 11. Nc4 Qe7 12. Ne3 Re8 13. Nh4 g6 14. Nf3 Nd8 15.
a4 c6 16. Nc4 Nd7 17. Ne1 Nb6 18. Ne3 Be6 19. Nd3 Bd6 20. f4 exf4 21. gxf4 f5
22. e5 Bc7 23. Qc2 Nd7 24. c4 Bb6 25. Kh1 Nc5 26. Nxc5 Qxc5 27. b3 Qd4 28. Bd2
Nf7 29. Rad1 Qc5 30. Qc3 Rad8 31. Nc2 Qe7 32. Be3 Bxe3 33. Qxe3 Rxd1 34. Rxd1
Rd8 35. Rxd8+ Qxd8 36. Nd4 Qb6 37. Nxf5 1-0

[Event "TCh-CHN DivA Regular"]
[Site "Fuling CHN"]
[Date "2023.06.07"]
[Round "3.3"]
[Board "1"]
[White "Wang, Shixu B"]
[Black "Wen, Yang"]
[Result "1/2-1/2"]
[WhiteTitle "IM"]
[BlackTitle "GM"]
[WhiteElo "2413"]
[BlackElo "2581"]
[WhiteTeam "Tianjin"]
[BlackTeam "Hangzhou Bank"]
[WhiteFideId "8610665"]
[BlackFideId "8602956"]
[EventDate "2023.06.05"]
[EventType "team"]

1. d4 Nf6 2. c4 e6 3. Nf3 Bb4+ 4. Bd2 Qe7 5. e3 b6 6. Bd3 Bb7 7. O-O O-O 8. Nc3
c5 9. Re1 Bxc3 10. Bxc3 Ne4 11. Bxe4 Bxe4 12. Nd2 Bb7 13. e4 cxd4 14. Bxd4 Nc6
15. Bc3 Rad8 16. Qe2 Qg5 17. Qe3 Qg6 18. Qg3 d6 19. Rad1 Rd7 20. Nf3 Rfd8 21.
Qxg6 hxg6 22. h4 e5 23. b3 f6 24. Re3 Kf7 25. Kf1 Ke6 26. Ne1 Rh8 27. g3 Ne7 28.
Nd3 a5 29. f3 Rdd8 30. a4 g5 31. hxg5 Rh1+ 32. Ke2 Rxd1 33. Kxd1 f5 34. Re2 fxe4
35. fxe4 Nc6 36. Rh2 Nb8 37. Rh4 Nd7 38. Ke2 Kf7 39. Ke3 Kg6 40. Rh1 Kxg5 41.
Rd1 Re8 42. Bb2 Re6 43. Ba3 Kf6 44. Nf2 Ke7 45. Rh1 Rg6 46. Kf3 Rf6+ 47. Ke2 Rg6
48. Kf3 Rf6+ 1/2-1/2

[Event "TCh-CHN DivA Regular"]
[Site "Fuling CHN"]
[Date "2023.06.07"]
[Round "3.3"]
[Board "2"]
[White "Bai, Jinshi"]
[Black "Wang, Yue"]
[Result "1/2-1/2"]
[WhiteTitle "GM"]
[BlackTitle "GM"]
[WhiteElo "2550"]
[BlackElo "2674"]
[WhiteTeam "Hangzhou Bank"]
[BlackTeam "Tianjin"]
[WhiteFideId "8602280"]
[BlackFideId "8601429"]
[EventDate "2023.06.05"]
[EventType "team"]

1. d4 d5 2. c4 e6 3. Nc3 Nf6 4. cxd5 Nxd5 5. g3 c5 6. Nf3 cxd4 7. Nxd5 Qxd5 8.
Qxd4 Qb5 9. e4 Qb4+ 10. Bd2 Nc6 11. Qxb4 Bxb4 12. Bb5 Bxd2+ 13. Kxd2 Bd7 14.
Rac1 Ke7 15. Bxc6 Bxc6 16. Ke3 Rhc8 17. Nd4 e5 18. Nxc6+ Rxc6 19. Rxc6 bxc6 20.
Rc1 Kd6 21. Rd1+ Ke7 22. Rc1 Kd6 23. Rd1+ Ke7 1/2-1/2

[Event "TCh-CHN DivA Regular"]
[Site "Fuling CHN"]
[Date "2023.06.07"]
[Round "3.3"]
[Board "3"]
[White "Dai, Changren"]
[Black "Xu, Zhihang"]
[Result "1/2-1/2"]
[WhiteTitle "GM"]
[BlackTitle "IM"]
[WhiteElo "2515"]
[BlackElo "2510"]
[WhiteTeam "Tianjin"]
[BlackTeam "Hangzhou Bank"]
[WhiteFideId "8608156"]
[BlackFideId "8611572"]
[EventDate "2023.06.05"]
[EventType "team"]

1. d4 Nf6 2. c4 e6 3. Nf3 d5 4. Nc3 Bb4 5. cxd5 exd5 6. Bf4 O-O 7. e3 Ne4 8. Qb3
c5 9. dxc5 Nc6 10. Be2 Nxc5 11. Qd1 Ne6 12. Bg3 d4 13. exd4 Nexd4 14. Nxd4 Nxd4
15. O-O Bf5 16. Bd3 Bxd3 17. Qxd3 Re8 18. Kh1 Bxc3 19. Qxc3 Rc8 20. Qd3 Qf6 21.
Rae1 h5 22. Re4 Nf5 23. Qd7 Nxg3+ 24. hxg3 Qc6 25. Qxc6 bxc6 26. Rfe1 Rxe4 27.
Rxe4 Rd8 28. Re2 Rd1+ 29. Kh2 g6 30. Rc2 Rb1 31. b3 a5 32. f3 a4 33. bxa4 Rb6
34. Rc3 Kg7 35. a5 Ra6 36. Ra3 Kf6 37. Kg1 Ke5 38. Kf2 Kd4 39. Ke2 Kc4 40. Kd2
Kb4 41. Rb3+ Kc5 42. Re3 Kb5 43. Rb3+ Kc5 44. Ra3 Kd5 1/2-1/2

[Event "TCh-CHN DivA Regular"]
[Site "Fuling CHN"]
[Date "2023.06.07"]
[Round "3.3"]
[Board "4"]
[White "Zhai, Mo"]
[Black "Xiao, Yiyi"]
[Result "0-1"]
[WhiteTitle "WGM"]
[BlackTitle "WGM"]
[WhiteElo "2347"]
[BlackElo "2331"]
[WhiteTeam "Hangzhou Bank"]
[BlackTeam "Tianjin"]
[WhiteFideId "8600201"]
[BlackFideId "8606161"]
[EventDate "2023.06.05"]
[EventType "team"]

1. d4 d5 2. c4 e6 3. Nf3 Nf6 4. Nc3 Be7 5. Bf4 O-O 6. e3 c5 7. dxc5 Bxc5 8. Qc2
Nc6 9. a3 Qa5 10. O-O-O Be7 11. g4 dxc4 12. Bxc4 Rd8 13. Nb5 Nd5 14. Bg5 Bd7 15.
Kb1 Rac8 16. Qd2 Bxg5 17. Nxg5 Qxd2 18. Rxd2 Na5 19. Bxd5 Bxb5 20. b4 Nb3 21.
Bxb3 Rxd2 22. Nxe6 Rc3 23. Nc5 b6 0-1

[Event "TCh-CHN DivA Regular"]
[Site "Fuling CHN"]
[Date "2023.06.07"]
[Round "3.3"]
[Board "5"]
[White "Zhang, Xiaowen"]
[Black "Yan, Tianqi"]
[Result "0-1"]
[WhiteTitle "WGM"]
[BlackTitle "WIM"]
[WhiteElo "2266"]
[BlackElo "2246"]
[WhiteTeam "Tianjin"]
[BlackTeam "Hangzhou Bank"]
[WhiteFideId "8603219"]
[BlackFideId "8615250"]
[EventDate "2023.06.05"]
[EventType "team"]

1. e4 e6 2. d4 d5 3. Nc3 Nf6 4. e5 Nfd7 5. Nce2 c5 6. c3 Nc6 7. Nf3 Be7 8. h4
cxd4 9. cxd4 f6 10. Nf4 Ndxe5 11. dxe5 fxe5 12. Nd3 e4 13. Ng5 e5 14. f4 exd3
15. fxe5 Nxe5 16. Bf4 Qa5+ 17. Bd2 Qc5 18. Qa4+ Bd7 19. Qf4 Rf8 20. Qe3 Qxe3+
21. Bxe3 Rc8 22. Bd4 Bb4+ 0-1

[Event "TCh-CHN DivA Regular"]
[Site "Fuling CHN"]
[Date "2023.06.07"]
[Round "3.4"]
[Board "1"]
[White "Ni, Hua"]
[Black "Li, Chao b"]
[Result "1/2-1/2"]
[WhiteTitle "GM"]
[BlackTitle "GM"]
[WhiteElo "2669"]
[BlackElo "2658"]
[WhiteTeam "Shanghai"]
[BlackTeam "Beijing"]
[WhiteFideId "8601160"]
[BlackFideId "8604436"]
[EventDate "2023.06.05"]
[EventType "team"]

1. Nf3 Nf6 2. g3 g6 3. Bg2 Bg7 4. O-O O-O 5. d4 d5 6. c4 dxc4 7. Na3 c5 8. Nxc4
Be6 9. Nce5 cxd4 10. Qxd4 Qxd4 11. Nxd4 Bd5 12. Rd1 Bxg2 13. Kxg2 Rd8 14. Bf4
Nbd7 15. Ndf3 Nxe5 16. Bxe5 Ne8 17. Rac1 Bxe5 18. Nxe5 f6 19. Rxd8 Rxd8 20. Nd3
Kf7 21. f4 Rd7 22. Kf3 h5 23. h3 Rc7 24. Rxc7 Nxc7 25. g4 hxg4+ 26. hxg4 b6 27.
Ke4 Ke6 28. Kd4 Nb5+ 29. Kc4 Nd6+ 30. Kd4 Nb5+ 31. Kc4 Nd6+ 32. Kd4 1/2-1/2

[Event "TCh-CHN DivA Regular"]
[Site "Fuling CHN"]
[Date "2023.06.07"]
[Round "3.4"]
[Board "2"]
[White "Xiu, Deshun"]
[Black "Xu, Yi"]
[Result "1/2-1/2"]
[WhiteTitle "GM"]
[BlackTitle "GM"]
[WhiteElo "2507"]
[BlackElo "2502"]
[WhiteTeam "Beijing"]
[BlackTeam "Shanghai"]
[WhiteFideId "8603693"]
[BlackFideId "8605564"]
[EventDate "2023.06.05"]
[EventType "team"]

1. d4 Nf6 2. c4 e6 3. Nf3 d5 4. Nc3 Bb4 5. Qa4+ Nc6 6. e3 O-O 7. Qc2 Re8 8. Bd2
Bf8 9. a3 e5 10. dxe5 Nxe5 11. cxd5 Nxd5 12. O-O-O Nxf3 13. gxf3 a5 14. Nxd5
Qxd5 15. Bd3 g6 16. h4 Be6 17. h5 Qb3 18. hxg6 Qxc2+ 19. Bxc2 hxg6 20. e4 Bg7
21. f4 Bg4 22. Rde1 Bd4 23. Rh2 Kg7 24. f5 Rh8 25. Rxh8 Rxh8 26. Rg1 Bf3 27.
Bxa5 Rh2 28. fxg6 Bxf2 29. Rf1 Be2 30. Bxc7 fxg6 31. Bxh2 Be3+ 32. Kb1 Bxf1 33.
e5 Kf7 34. Be4 b6 35. Bd5+ Ke7 36. Kc2 g5 37. Bg3 Bd4 38. b3 Be2 39. a4 g4 40.
b4 Bf3 41. Bc4 Be4+ 42. Kb3 Kd7 43. Bg8 Bd3 44. Bf7 Ke7 45. Bd5 Kd7 46. Bf7 Ke7
47. Bc4 Bf5 48. Bd5 Bd3 49. Bh4+ Kd7 50. e6+ Kd6 51. e7 Bg6 52. Kc4 Be3 53. b5
g3 54. Bc6 Ke6 55. Bg2 Kd6 56. Bc6 Ke6 57. Be4 Bh5 58. Bg2 Bg6 59. Bc6 Bh5 60.
Bf3 Bg6 61. Bg4+ Kd6 62. Bh3 Bf2 63. Bf5 Bf7+ 64. Kd3 Bc5 65. Bh3 Kd5 66. Bd7 g2
67. Bc6+ Ke6 68. Bxg2 Bxe7 69. Bd5+ Kd7 70. Bc6+ Kd8 71. Bf2 Kc7 72. Kc3 Bd6 73.
Bd4 Bh5 74. Bd5 Bd1 75. Bb3 Bxb3 76. Kxb3 Kb7 77. Kc4 Bf4 78. Kd5 Bd2 79. Kc4
Bf4 80. Bc3 Bg3 81. Kd5 Bf4 82. Be5 Bd2 83. Bd4 1/2-1/2

[Event "TCh-CHN DivA Regular"]
[Site "Fuling CHN"]
[Date "2023.06.07"]
[Round "3.4"]
[Board "3"]
[White "Lou, Yiping"]
[Black "Zhang, Di"]
[Result "1/2-1/2"]
[WhiteTitle "IM"]
[WhiteElo "2482"]
[BlackElo "2273"]
[WhiteTeam "Shanghai"]
[BlackTeam "Beijing"]
[WhiteFideId "8603928"]
[BlackFideId "8616590"]
[EventDate "2023.06.05"]
[EventType "team"]

1. c4 Nf6 2. Nc3 e6 3. e4 d5 4. cxd5 exd5 5. e5 Nfd7 6. d4 c5 7. Nf3 Nc6 8. Bb5
a6 9. Bg5 Qa5 10. Bxc6 bxc6 11. O-O h6 12. Bh4 g5 13. Bg3 Bg7 14. dxc5 Nxc5 15.
Nd4 Qb6 16. Rc1 Bd7 17. Qc2 Rc8 18. a3 a5 19. Rb1 O-O 20. b4 axb4 21. axb4 Ne4
22. Nxe4 Qxd4 23. Nd6 Ra8 24. Rfd1 Qb6 25. Nf5 Bxf5 26. Qxf5 Rfe8 27. b5 cxb5
28. Rxd5 b4 29. Rd7 Qe6 30. Qxe6 Rxe6 31. Rb7 Bf8 32. Kf1 Rc6 33. h4 Rc2 34.
hxg5 hxg5 35. Kg1 Bc5 36. Kh2 Ra6 37. Kh3 Rc4 38. f4 gxf4 39. Be1 Rg6 40. Bxb4
Rg3+ 41. Kh4 Bf2 42. Kh5 f3 43. e6 fxe6 44. Bd6 Rxg2 45. Rb8+ Kh7 46. R8b7+ Rg7
47. Rxg7+ Kxg7 48. Rf1 Bd4 49. Rxf3 Bf6 50. Rf4 Rc6 51. Bb8 e5 52. Re4 Kf7 53.
Bxe5 Rc5 54. Kg4 Bxe5 55. Ra4 Ke6 56. Kf3 Kd5 57. Ra3 Bd4 58. Ke2 Ke4 59. Kd2
Rh5 60. Kc2 Rh2+ 61. Kb3 Rb2+ 62. Kc4 Rc2+ 63. Kb3 Rc6 64. Ra5 Kd3 65. Rb5 Bc5
66. Rb7 Bd6 67. Ka4 Kd4 68. Rh7 Rb6 69. Rh4+ Kd5 70. Rh5+ Kc6 71. Rh4 Rb7 72.
Rg4 Bc5 73. Rc4 Kd5 74. Rc3 Rb4+ 75. Ka3 Rb7+ 76. Ka4 Bd4 77. Rb3 Ra7+ 78. Kb5
Ra8 79. Kb4 Rc8 80. Kb5 Bc3 81. Ka4 Kd4 82. Rb7 Kd5 83. Rb5+ Ke4 84. Rb7 Bd4 85.
Kb5 Rc5+ 86. Kb4 Kd3 87. Rh7 Rc6 88. Rh3+ Be3 89. Rh5 1/2-1/2

[Event "TCh-CHN DivA Regular"]
[Site "Fuling CHN"]
[Date "2023.06.07"]
[Round "3.4"]
[Board "4"]
[White "Wang, Yu A."]
[Black "Ju, Wenjun"]
[Result "1/2-1/2"]
[WhiteTitle "IM"]
[BlackTitle "GM"]
[WhiteElo "2255"]
[BlackElo "2566"]
[WhiteTeam "Beijing"]
[BlackTeam "Shanghai"]
[WhiteFideId "8601097"]
[BlackFideId "8603006"]
[EventDate "2023.06.05"]
[EventType "team"]

1. e4 c5 2. Nf3 Nc6 3. d4 cxd4 4. Nxd4 Nf6 5. Nc3 d6 6. Nxc6 bxc6 7. Bd3 g6 8.
O-O Bg7 9. Kh1 O-O 10. f4 Rb8 11. Qe2 Nd7 12. Nd1 Nc5 13. Be3 Qa5 14. Bd2 Qc7
15. Rb1 f5 16. exf5 gxf5 17. Bc3 e5 18. fxe5 dxe5 19. Ne3 e4 20. Bc4+ Kh8 21.
Bxg7+ Qxg7 22. Qd2 Bd7 23. g3 Na4 24. Bb3 Nb6 25. Qa5 Nd5 26. Bxd5 Rb5 27. Qxa7
cxd5 28. a4 Rb4 29. Qc5 Rxa4 30. Qxd5 Rd4 31. Qc5 Rc8 32. Qa7 Ra4 33. Qb7 Raa8
34. Rbd1 Be6 35. Qxg7+ Kxg7 36. Kg1 Rab8 37. b3 Rc5 38. Rd6 Kf6 39. Ra1 Ke5 40.
Raa6 Bc8 41. Rac6 Rxc6 42. Rxc6 Be6 43. Kf2 Rb7 44. Ra6 h5 45. Ra5+ Kf6 46. Ng2
Rc7 47. c4 Rd7 48. Nf4 Bf7 49. Ke2 Kg5 50. Ng2 Rd3 51. Ne3 Rxb3 52. Rxf5+ Kg6
53. Rf4 Rb2+ 54. Ke1 Rxh2 55. Rxe4 Rh1+ 56. Nf1 h4 57. Rxh4 Rxh4 58. gxh4 Bxc4
59. Ng3 Be6 1/2-1/2

[Event "TCh-CHN DivA Regular"]
[Site "Fuling CHN"]
[Date "2023.06.07"]
[Round "3.4"]
[Board "5"]
[White "Ni, Shiqun"]
[Black "Li, Yunshan"]
[Result "1/2-1/2"]
[WhiteTitle "WGM"]
[BlackTitle "WIM"]
[WhiteElo "2323"]
[BlackElo "2283"]
[WhiteTeam "Shanghai"]
[BlackTeam "Beijing"]
[WhiteFideId "8608466"]
[BlackFideId "8607664"]
[EventDate "2023.06.05"]
[EventType "team"]

1. e4 e5 2. Nf3 Nc6 3. Bb5 Nf6 4. O-O Nxe4 5. Re1 Nd6 6. Nxe5 Nxe5 7. Rxe5+ Be7
8. Bf1 O-O 9. d4 Bf6 10. Re1 Nf5 11. c3 d5 12. Nd2 Nd6 13. Nf3 Bf5 14. Bf4 Be4
15. h3 Re8 16. Nd2 Bg5 17. Bh2 Bxd2 18. Qxd2 Qd7 19. b3 Bg6 20. f3 f6 21. Kf2
Bf7 22. g4 b6 23. Qb2 a5 24. Qd2 Kf8 25. Rxe8+ Rxe8 26. Re1 Rxe1 27. Qxe1 Qe7
28. Qd2 Qd7 29. Qe3 Qe7 30. Qd3 Bg6 31. Qa6 Qd8 32. c4 dxc4 33. bxc4 Ne8 34. d5
Qe7 35. Qc8 Qa3 36. Be2 Bd3 37. Bxd3 Qxd3 38. Bxc7 Qd2+ 39. Kg3 Qe1+ 40. Kg2
Qe2+ 41. Kg3 Qe1+ 42. Kg2 Qe2+ 43. Kg3 1/2-1/2

[Event "TCh-CHN DivA Regular"]
[Site "Fuling CHN"]
[Date "2023.06.07"]
[Round "3.5"]
[Board "1"]
[White "Lu, Shanglei"]
[Black "Chen, Qi b"]
[Result "1/2-1/2"]
[WhiteTitle "GM"]
[BlackTitle "IM"]
[WhiteElo "2597"]
[BlackElo "2484"]
[WhiteTeam "Zhejiang Shaoxing"]
[BlackTeam "Jiangsu"]
[WhiteFideId "8603332"]
[BlackFideId "8614733"]
[EventDate "2023.06.05"]
[EventType "team"]

1. e4 c5 2. Nf3 Nc6 3. d4 cxd4 4. Nxd4 Nf6 5. Nc3 e5 6. Ndb5 d6 7. Nd5 Nxd5 8.
exd5 Ne7 9. c4 Ng6 10. Qa4 Bd7 11. Qb4 Qb8 12. h4 h5 13. Be2 Be7 14. g3 a6 15.
Nc3 b5 16. a4 bxc4 17. Qxb8+ Rxb8 18. Bxc4 Bc8 19. b3 f5 20. f3 Kd7 21. Be3 f4
22. Bf2 fxg3 23. Bxg3 Rf8 24. Kf2 Bd8 25. a5 Ne7 26. Ke2 Bb7 27. Bf2 Ng6 28. Bg3
Ne7 29. Bf2 Ng6 30. Bg3 Ne7 1/2-1/2

[Event "TCh-CHN DivA Regular"]
[Site "Fuling CHN"]
[Date "2023.06.07"]
[Round "3.5"]
[Board "3"]
[White "Chen, Yuan2"]
[Black "Lin, Chen"]
[Result "1/2-1/2"]
[BlackTitle "GM"]
[WhiteElo "2159"]
[BlackElo "2509"]
[WhiteTeam "Zhejiang Shaoxing"]
[BlackTeam "Jiangsu"]
[WhiteFideId "8618860"]
[BlackFideId "8602298"]
[EventDate "2023.06.05"]
[EventType "team"]

1. e4 c6 2. d4 d5 3. Nc3 dxe4 4. Nxe4 Nd7 5. Nf3 Ngf6 6. Nxf6+ Nxf6 7. h3 Bf5 8.
Bd3 Bxd3 9. Qxd3 e6 10. O-O Be7 11. c4 O-O 12. Bf4 Qb6 13. b4 Rfd8 14. Rfb1 Rd7
15. a4 Qd8 16. Qe2 a6 17. Be3 Qf8 18. Ne5 Rdd8 19. Qb2 Nd7 20. b5 Nxe5 21. dxe5
Bc5 22. bxc6 bxc6 23. Qe2 h6 24. Rb7 Bd4 25. Bxd4 Rxd4 26. Qf3 a5 27. Qxc6 Rc8
28. Qb6 Qc5 29. Qxc5 Rxc5 30. Rb5 Rdxc4 31. Rab1 Kh7 32. Rxc5 Rxc5 33. Rb5 Rxb5
34. axb5 a4 35. b6 a3 36. b7 a2 37. b8=Q a1=Q+ 38. Kh2 Qd4 39. Kg1 Qd1+ 40. Kh2
Qd2 41. Kg3 Qd3+ 42. Kh2 Qd4 43. Kg1 Qe4 44. g3 h5 45. h4 Kg6 46. Qc7 Qf3 47.
Qc2+ Qf5 48. Qc7 Kh6 49. Qb8 Qe4 50. Kh2 Qc2 51. Kg1 Kg6 52. Qd6 Kf5 53. Qe7
Qc1+ 54. Kg2 Kg6 55. Qd8 Qc6+ 56. Kg1 Qc1+ 57. Kg2 Qc6+ 58. Kg1 Qc1+ 1/2-1/2

[Event "TCh-CHN DivA Regular"]
[Site "Fuling CHN"]
[Date "2023.06.07"]
[Round "3.5"]
[Board "4"]
[White "Guo, Qi"]
[Black "Ding, Yixin"]
[Result "1/2-1/2"]
[WhiteTitle "IM"]
[BlackTitle "WGM"]
[WhiteElo "2369"]
[BlackElo "2422"]
[WhiteTeam "Jiangsu"]
[BlackTeam "Zhejiang Shaoxing"]
[WhiteFideId "8604002"]
[BlackFideId "8602972"]
[EventDate "2023.06.05"]
[EventType "team"]

1. d4 Nf6 2. c4 e6 3. Nf3 d5 4. Nc3 Bb4 5. Bg5 h6 6. Bxf6 Qxf6 7. e3 O-O 8. Rc1
dxc4 9. Bxc4 c5 10. O-O cxd4 11. Ne4 Qe7 12. a3 Ba5 13. exd4 Rd8 14. b4 Bb6 15.
Rc3 Bd7 16. Qb3 Bc6 17. Re1 Bxd4 18. Nxd4 Rxd4 19. Ng3 Qd8 20. b5 Bd5 21. Rd1
Bxc4 22. Rxd4 Qxd4 23. Qxc4 Qxc4 24. Rxc4 Nd7 25. Rc7 Nb6 26. Rxb7 Nc4 27. a4
Nb6 28. a5 Nc4 29. a6 Nd6 30. b6 axb6 31. Rxb6 Nc8 32. Rc6 Kf8 33. Ne4 Ne7 34.
Rd6 Nc8 35. Rc6 Ne7 36. Rd6 Nc8 37. Rc6 Ne7 1/2-1/2

[Event "TCh-CHN DivA Regular"]
[Site "Fuling CHN"]
[Date "2023.06.07"]
[Round "3.5"]
[Board "5"]
[White "Bai, Xue"]
[Black "Shen, Yang"]
[Result "0-1"]
[BlackTitle "IM"]
[WhiteElo "2041"]
[BlackElo "2399"]
[WhiteTeam "Zhejiang Shaoxing"]
[BlackTeam "Jiangsu"]
[WhiteFideId "8608717"]
[BlackFideId "8603162"]
[EventDate "2023.06.05"]
[EventType "team"]

1. e4 c6 2. d4 d5 3. e5 Bf5 4. h4 h5 5. Bd3 Bxd3 6. Qxd3 e6 7. Nf3 Ne7 8. c4
dxc4 9. Qxc4 Qd5 10. Qd3 Qb5 11. Qxb5 cxb5 12. Nc3 a6 13. Be3 Nbc6 14. O-O f6
15. Rad1 b4 16. Ne4 Nd5 17. exf6 gxf6 18. Nc5 Bxc5 19. dxc5 Rg8 20. Rfe1 O-O-O
21. Bd2 e5 22. g3 Rg4 23. Rc1 a5 24. b3 Kc7 25. Kf1 Nd4 26. Nh2 Rg7 27. Rc4 Kc6
28. Kg2 Ne6 29. Kf1 Nxc5 30. Rec1 b6 31. g4 hxg4 32. Nxg4 Rh7 33. Ke2 Kb5 34.
Nh6 a4 35. bxa4+ Nxa4 36. Nf5 Nac3+ 37. Bxc3 Kxc4 38. Bxe5+ Kb5 39. Ba1 Rh5 40.
Nd4+ Ka4 41. Nf3 Re8+ 42. Kf1 Rf5 43. Ng1 Ne3+ 0-1